Statistiche per Quiz Cultura Generale - Quiz n°16

Clicka qui per fare il quiz!

Statistiche generali

  • Questo quiz è stato fatto 81 volte
  • Il punteggio medio è 7 su 15

Statistiche sulle risposte

DomandaRisposta% Corretto
In quale gioco si può trovare "Parco della Vittoria"?Monopoly
99%
Quanti province ha il Friuli-Venezia Giulia?4
91%
Qual è la nazionalità del calciatore Zlatan Ibrahimović?Svedese
84%
Chi è stata l'ultima sovrana della dinastia tolemaica a regnare in Egitto?Cleopatra
79%
In quale parte della Francia si trova Marsiglia?Meridionale
76%
In analisi grammatica, cosa è il termine "quindi"?Congiunzione
65%
Da quale stato si rese indipendente la Grecia?Impero Ottomano
44%
Quale struttura cartilaginea impedisce al cibo di passare nella laringe?Epiglottide
40%
In quale paese si trova Assuan?Egitto
35%
Qual è l'inverso della funzione seno?Arcoseno
32%
Quale famoso concilio della Chiesa si è svolto nel 325 d.C.?Concilio di Nicea I
26%
Quale malattia uccise Fausto Coppi?Malaria
19%
Quale politico è diventato Presidente della Commissione europea nel 2019?Ursula von der Leyen
13%
Quale antica popolazione italica era stanziata tra le Marche e l'Abruzzo settentrionale?Piceni
10%
Chi è il chitarrista dei Pink Floyd?David Gilmour
6%

Distribuzione punteggi

Percentile per numero di risposta

Percentuale di utenti per punteggio

I tuoi punteggi nel tempo

Non hai fatto questo quiz